|
|
|
|
| LEADER |
01448nam a2200325 a 4500 |
| 001 |
16529518 |
| 008 |
120807s2010 bg bs 001 0 eng d |
| 010 |
|
|
|a 2010347109
|
| 020 |
|
|
|a 9789848815212
|
| 040 |
|
|
|a DLC
|c DLC
|d DLC
|d BD-DhAAL
|
| 082 |
0 |
4 |
|a 338.130954
|2 22
|
| 245 |
0 |
0 |
|a Managing food price inflation in South Asia /
|c edited by Sadiq Ahmed and Hans G.P. Jansen.
|
| 260 |
|
|
|a Dhaka :
|b University Press,
|c 2010.
|
| 300 |
|
|
|a xix, 290 p. ;
|c 22 cm.
|
| 500 |
|
|
|a Copyright: International Bank for Reconstruction and Development/The World Bank.
|
| 500 |
|
|
|a Includes statistical tables.
|
| 520 |
|
|
|a Contributed articles presented at a seminar.
|
| 504 |
|
|
|a Includes bibliographical references and index.
|
| 541 |
1 |
|
|e 00025774
|
| 650 |
|
0 |
|a Food prices
|x Government policy
|z South Asia
|v Congresses.
|
| 650 |
|
0 |
|a Food prices
|x Government policy
|z South Asia
|v Statistics
|v Congresses.
|
| 650 |
|
0 |
|a Price regulation
|z South Asia
|v Congresses.
|
| 650 |
|
0 |
|a Price regulation
|z South Asia
|v Statistics
|v Congresses.
|
| 650 |
|
0 |
|a Inflation (Finance)
|z South Asia
|v Congresses.
|
| 700 |
1 |
|
|a Ahmed, Sadiq.
|
| 700 |
1 |
|
|a Jansen, Hans G. P.,
|d 1958-
|
| 710 |
2 |
|
|a World Bank.
|
| 852 |
1 |
|
|a Ayesha Abed library
|c General Shelf
|
| 999 |
|
|
|c 12745
|d 12745
|
| 952 |
|
|
|0 0
|1 0
|2 ddc
|4 0
|6 338_130954000000000_MAN
|7 0
|9 21000
|a IGS
|b IGS
|c GEN
|d 2012-08-07
|e The University Press Limited
|g 730.00
|l 1
|m 2
|o 338.130954 MAN
|p 3010025774
|r 2014-06-09
|s 2013-02-14
|t 1
|w 2012-08-07
|y BK
|